Responses for Show #1860 - Friday, October 9, 1992

Leslie Miller game 2.
Game entered from audiorecording.

Contestants

[<< previous game]

Brian Kane, an office assistant from Auburn, Maine

Jennifer Smith, a unit secretary from Phoenix, Arizona

Leslie Miller, an editor from Reston, Virginia (whose 1-day cash winnings total $15,000)

[next game >>]

Jeopardy! Round responses

SCIENCE
SHOPPING
LYRICS
LITERATURE
FOOD
"MAN"LY WORDS
    $100 9
the Earth

Jennifer
    $100 14
Atlanta

Leslie
    $100 26
Rudolph

Leslie
    $100 7
Julius Caesar

Leslie
    $100 2
the tomato

Jennifer
    $100 21
a mansion

Brian
    $200 10
the sewing machine

Jennifer
    $200 17
New York

Leslie
    $200 27
Stormy weather

Leslie
    $200 1
Treasure Island

Jennifer
    $200 3
paprika

Jennifer
    $200 22
a manta ray

Leslie
    $300 11
a glacier

Jennifer
    $300 18
Robert Redford

Leslie
    $300 28
around the house

Jennifer
    $300 8
Louisa May Alcott

Jennifer
    $300 4
honey

Jennifer
    $300 23
a mandarin

Jennifer
    $400 12
a hydrogen bomb

Jennifer
    $400 19
silver

Leslie
    $400 29
the Swanee River

Brian
    $400 15
the Leatherstocking Tales

Leslie
    $700 5
(Alex: Ham in French is jambon; you are right.)

jambalaya

Jennifer
    $400 24
manacles

Brian
    $500 13
diamonds

Leslie
    $500 20
L.L. Bean

Leslie
    $500 30
"Is That All There Is?"

Jennifer
    $500 16
The Time Machine

Brian
    $500 6
sesame seeds

Leslie
    $500 25
a mandrill

Leslie

Scores at the first commercial break (after clue 14):

Leslie Jennifer Brian
$1,200 $2,800 $0

Scores at the end of the Jeopardy! Round:

Leslie Jennifer Brian
$4,000 $3,900 $1,400

Double Jeopardy! Round responses

WORLD CITIES
MAMMALS
MUSIC
NORSE MYTHOLOGY
AMERICAN HISTORY
P.T. BARNUM
    $200 6
Venice

Jennifer
    $200 16
Buffalo

Leslie
    $200 24
Louis Armstrong

Leslie
    $200 1
Thor

Leslie
    $200 11
Thomas Jefferson

Brian
    $200 20
(James) Bailey

Leslie
    $400 7
Alexandria

Leslie
    $400 17
rhinoceros

Leslie
    $400 27
bass

Leslie
    $400 2
Valhalla

Leslie
    $400 12
Germany

Leslie
    $400 21
Siamese twins

Brian
    $600 8
Addis Ababa

Brian
    $600 18
(Jennifer: What is the walrus?)

the polar bear

JenniferBrian
    $600 28
Salieri

Leslie
    $600 3
a dragon

Brian
    $600 13
(Leslie: Who is Roosevelt?)
(Alex: Be more specific.)

Teddy Roosevelt

Leslie
    $600 22
George Washington

Leslie
    $800 9
(Leslie: What is Edinburgh?)
(Jennifer: What is Aberdeen?)

Glasgow

LeslieJenniferBrian
    $800 19
(Leslie: What are ungulates?)
(Brian: What are gnus?)

antelope

LeslieBrian
Triple Stumper
    $800 29
a marimba

Leslie
    $800 4
the Valkyries

Brian
    $800 14
Georgia

Brian
    $800 23
Jumbo

Jennifer
    $1000 10
(Brian: What is Geneva?)
(Jennifer: What is Lucerne?)

Zurich

LeslieJenniferBrian
    $1,000 26
(Alex: We have less than a minute to go.)

the orangutan

Leslie
    $1000 30
Zubin Mehta

Brian
    $1,200 5
Loki

Brian
    $1000 15
Borden

Leslie
    $1000 25
Jenny Lind

Leslie

Scores at the end of the Double Jeopardy! Round:

Leslie Jennifer Brian
$11,800 $2,500 $6,600

[wagering suggestions for these scores]

Final Jeopardy! Round responses

NAMES IN THE NEWS
JenniferWhat is
$2,400
BrianWhat is Mother Seton
$6,599
LeslieWhat is
$1,401
Tipper Gore

Final scores:

Leslie Jennifer Brian
$10,399 $100 $1
2-day champion: $25,399 2nd place: Mastervoice home automation system & Sanyo 26" TV 3rd place: Bausch + Lomb binoculars + Wheel of Fortune & Jeopardy! for SNES & Sega Genesis

Game dynamics:

Coryat scores:

Leslie Jennifer Brian
$11,800 $2,200 $6,400
30 R
(including 1 DD),
2 W
15 R
(including 1 DD),
3 W
14 R
(including 1 DD),
2 W

Combined Coryat: $20,400

[game clues] [game scores] [suggest correction]

Game tape date: 1992-08-10
The J! Archive is created by fans, for fans. Scraping, republication, monetization, and malicious use prohibited; this site may use cookies and collect identifying information. See terms. The Jeopardy! game show and all elements thereof, including but not limited to copyright and trademark thereto, are the property of Jeopardy Productions, Inc. and are protected under law. This website is not affiliated with, sponsored by, or operated by Jeopardy Productions, Inc. Join the discussion at JBoard.tv.